000 00601nam a2200193Ia 4500
003 GCL
008 140319s9999 xx 000 0 ara d
020 _a9161209977
040 _aGCL /
_cGCL
082 0 4 _aق
_b928.1
_bي ز
100 1 _aيوسف الشريف
245 1 0 _aزكريا الحجاوى :
_bموال الشجن فى عشق الوطن /
_cيوسف الشريف
250 _aالاولى
260 _aالقاهرة :
_bدار الشروق ،
_c2006
300 _a185 ص ؛
_c24 سم
650 0 4 _aالرجال - تراجم
650 0 4 _aزكريا الحجاوى
942 _2ddc
_cBK
999 _c9575
_d9575